000 01197nam a22003497a 4500
003 CHAP
005 20220329140506.0
008 971013s1961 r 00010 d
010 _a52779
011 _a53751
035 _a57901
040 _cCHAP
082 _a576
_bS3
100 0 0 _aSánchez Marroquín, Alfredo.
_9107674
245 _aPrincipios de microbiología industrial
260 _aMéxico :
_bEd. Química,
_c1961
300 _a421 p.
_b: ilus.
490 _aSeries profesionales
_v; 2
590 _aBATCH-UPD
_b10
_c20130110
_lUCH01
_h2028
590 _aBATCH-UPD
_b10
_c20130410
_lUCH01
_h1345
590 _aBATCH-UPD
_b10
_c20130914
_lUCH01
_h1817
590 _aCONVERSION
_b10
_c20130109
_lUCH01
_h1329
650 1 4 _aMicrobiología.
_975490
830 0 _aSeries profesionales
_v; 2
_9105150
901 _aBK
942 _cLIBRO
949 _a576 S3
_bBC
_cLIBRO
_d-125771
_eLIBRO
_h8594
_i57901
_si
949 _a576 S3
_bBC
_cLIBRO
_d-125773
_eLIBRO
_fc.3
_h8596
_i57901
_si
949 _a576 S3
_bBC
_cLIBRO
_d-125774
_eLIBRO
_fc.4
_h26690
_i57901
_si
949 _a576 S3
_bBC
_cLIBRO
_d-125775
_eLIBRO
_fc.5
_h8597
_i57901
_si
949 _a576 S3
_bBC
_cLIBRO
_d33724000461984
_eLIBRO
_fc.2
_h8595
_i57901
_si
999 _c52779
_d52779